Fr. Conceicao Rodrigues College of Engineering

High resolution Laser Photoronization and Photoelectron studies (Record no. 33050)

MARC details
000 -LEADER
fixed length control field 00349nam a2200145Ia 4500
082 ## - DEWEY DECIMAL CLASSIFICATION NUMBER
Classification number 537.54
Item number POW
100 ## - MAIN ENTRY--PERSONAL NAME
Personal name Powis/Ivan etal
245 ## - TITLE STATEMENT
Title High resolution Laser Photoronization and Photoelectron studies
260 ## - PUBLICATION, DISTRIBUTION, ETC.
Name of publisher, distributor, etc. John Wiley
Place of publication, distribution, etc. New york
Date of publication, distribution, etc. 1995
300 ## - PHYSICAL DESCRIPTION
Extent 509
546 ## - LANGUAGE NOTE
Language note ENGLISH
654 ## - SUBJECT ADDED ENTRY--FACETED TOPICAL TERMS
Focus term Physics
942 ## - ADDED ENTRY ELEMENTS (KOHA)
Koha item type BOOK
Holdings
Withdrawn status Lost status Damaged status Not for loan Collection Home library Current library Date acquired Total Checkouts Full call number Barcode Date last seen Price effective from Koha item type
        CRC Fr. Agnel's C.Rodrigues College of Engineering Fr. Agnel's C.Rodrigues College of Engineering 17/03/2023   537.54 POW 10253 17/03/2023 17/03/2023 BOOK